Trzecia granica. Ostatnia tura /
Spremljeno u:
| Glavni autor: | |
|---|---|
| Format: | Knjiga |
| Jezik: | poljski |
| Izdano: |
Warszawa :
Biuro Wydawniczo-Propagandowe RSW "Prasa-Książka-Ruch",
1974
|
| Serija: | Bahdaj, Adam (1918-1985). Trzecia granica ;
4 |
| Teme: | |
| Oznake: |
Bez oznaka, Budi prvi tko označuje ovaj zapis!
|
MARC
| LEADER | 00000nam a2200000 i 4500 | ||
|---|---|---|---|
| 001 | 9910062145605606 | ||
| 005 | 20260515140226.0 | ||
| 008 | 040519s1974 pl |000 f pol | ||
| 035 | |a 991032045709705066 | ||
| 035 | |a (PL-WaBN)b18603518-48omnis_nlop | ||
| 035 | |a b18603518 | ||
| 035 | |a (OCoLC)838902213 | ||
| 035 | |a xx001277474 | ||
| 035 | |a (PL)b0000001860351 | ||
| 040 | |a WA N |c WA N | ||
| 041 | 0 | |a pol | |
| 080 | |a 884-93 | ||
| 090 | |c 66 |d 65 | ||
| 100 | 1 | |a Bahdaj, Adam |d (1918-1985) | |
| 245 | 1 | 0 | |a Trzecia granica. Ostatnia tura / |c Adam Bahdaj. |
| 246 | 3 | 0 | |a Ostatnia tura |
| 260 | |a Warszawa : |b Biuro Wydawniczo-Propagandowe RSW "Prasa-Książka-Ruch", |c 1974 |e (Łódź : |f RSW PKR). | ||
| 300 | |a 65, [1] s. ; |c 22 cm. | ||
| 490 | 1 | |a Trzecia granica / Adam Bahdaj ; |v 4 | |
| 650 | 7 | |a Literatura polska |y 20w. | |
| 800 | 1 | |a Bahdaj, Adam |d (1918-1985). |t Trzecia granica ; |v 4 | |
| 942 | |c K | ||
| 952 | |0 0 |1 0 |4 0 |6 R__44_000000000000000 |7 0 |9 64 |a RYT |b RYT |d 2026-03-17 |e 1/2026 |g 10.00 |l 0 |o R.44 |p 2000000000442 |r 2026-05-15 14:02:26 |w 2026-05-15 |y BK |z da | ||
| 999 | |c 64 |d 64 | ||